01552 2200625 4500001002100000005001500021035002000036008004100056245002900097250000600126260003100132300003200163020002200195084001400217520022900231082000800460650001400468990001200482990001200494990001200506990001200518990001200530990001200542990001200554990001200566990001200578990001200590990001200602990001200614990001200626990001200638990001200650990001200662990001200674990001200686990001200698990001200710990001200722990001200734990001200746990001200758990001200770990001200782990001200794990001200806990001200818990001200830990001200842990001200854990001200866990001200878990001200890990001200902990001200914INLIS00000000000000920240430025813 a0010-0324000009240430 0 ind  aMatematika XII ( Wajib ) a1 aJakarta :bErlangga,c2018 a288 hlm. ;c25 cm x 17,5 cm a978-602-298-729-1 a510 NOO m aBuku Matematika SMA/MA Wajib ini disusun berdasarkan Kurikulum 2013 Edisi Revisi 2016. Materi dalam buku ini dirancang sedemikian rupa sehingga mengarah ke model pembelajaran peserta didik aktif dan pembelajaran kontekstual. a510 4aNon Fiksi a0739020 a0739021 a0739022 a0739023 a0739024 a0739025 a0739026 a0739027 a0739028 a0739029 a0739030 a0739031 a0739032 a0739033 a0739034 a0739035 a0739036 a0739037 a0739038 a0739039 a0739040 a0739041 a0739042 a0739043 a0739044 a0739045 a0739046 a0739047 a0739048 a0739049 a0739050 a0739051 a0739052 a0739053 a0739054 a0739055 a0739056